00193nam a2200073 4500001000800000005001700008245007700025260001700102125766020260218083636.0 akayıp isimler krallığı gözyaşı vampirlericfigen yaman coşar berdem genç